| 000 | 00857nam a2200265 a 4500 | ||
|---|---|---|---|
| 001 | 379 | ||
| 003 | BR-CuiBMT | ||
| 005 | 20231103002338.0 | ||
| 008 | 231101s2022 mgba 000 0 por d | ||
| 020 | _a9786555182705 | ||
| 040 |
_aBR-CuiBMT _cBR-CuiBMT |
||
| 080 |
_a342.531.43 _22007 |
||
| 090 |
_a342.531.43 _bA886 |
||
| 245 | 1 |
_aAtual judiciário : _bativismo ou atitude / _cClaudia Toledo coordenadora ; [autores Alejandro Nava Tovar ... et al.]. |
|
| 260 |
_aBelo Horizonte : _bFórum, _c2002. |
||
| 300 |
_a510 p. : _bil. ; _c22 cm |
||
| 504 | _aInclui bibliografia. | ||
| 590 | _8A biblioteca possui a 1. reimpr. 2022. | ||
| 650 | _aDireito constitucional | ||
| 650 |
_aDireito público _xJudiciário |
||
| 650 | _aTeoria do direito | ||
| 700 |
_aToledo, Cláudia _4coord. |
||
| 700 |
_aTovar, Alejandro Nava _4et al. _4autores |
||
| 942 |
_2udc _cLV |
||
| 999 |
_c379 _d379 |
||